zpět

Detail výsledku týmu

Barcelounoc - Vinohrady, Praha

Datum a čas kvízu

40.5 Celkem bodů Celkový počet nahraných bodů na tomto kvízu bez doplňovacích otázek.
1. Pořadí na kvízu Konečné umístění týmu na tomto kvízu.

Zaznamenané odpovědi

# Otázka Odpověď Body Výsledky
1. Český prezident Miloš Zeman se... Vídeň, šilink (Schilling) 0.5
2. Fastfoodový řetězec Burger Kin... je bez pravého masa 1
3. Během návštěvy komunitního stř... Fortnite 1
4. Švédský nábytkářský řetězec IK... začne nabízet pronájem nábytku 1
5. Minulý čtvrtek začalo ve finsk... v ledním hokeji (žen) 0
6. V tomto tématu ověříme vaše zn... pouze jelení zvěř 0
7. Kterým slovem začínajícím na p... kozlice 1
8. Která zvířata je možno spatřit... bílí jeleni 1
9. Kolikaterák je tento jelen? desaterák (nerovný) 0
10. Co v myslivecké mluvě znamená... oči 1